Statistics for My Dream Formula One Schedule

Click here to take the quiz!

General Stats

  • This quiz has been taken 19 times
  • The average score is 15 of 23

Answer Stats

DateGP NameAnswer% Correct
3rd Week of MarchBrazilian GPAutodromo Jose Carlos Pace
92%
1st Week of AugustItalian GPAutodromo Nazionale di Monza
92%
1st Week of MayAzerbaijan GPBaku City Circuit
92%
3rd Week of SeptemberBelgian GPCircuit de Spa-Francorchamps
92%
3rd Week of OctoberUS GPCircuit of the Americas
85%
1st Week of AprilAustralian GPMelbourne Grand Prix Circuit
85%
4th Week of OctoberBritish GPSilverstone International Circuit
85%
4th Week of SeptemberJapanese GPSuzuka International Racing Course
85%
1st Week of NovemberAbu Dhabi GPYas Marina Circuit
85%
4th Week of May____ GPCircuit de Monaco
77%
1st Week of JulyCanadian GPCircuit Gilles-Villeneuve
77%
4th Week of JulySingapore GPMarina Bay Street Circuit
77%
4th Week of NovemberGerman GPNurburgring
77%
1st Week of MarchMalaysian GPSepang International Circuit
77%
4th Week of AugustSouth African GPKyalami Grand Prix Circuit
69%
1st Week of JunePortugese GPAutodromo do Estoril
62%
4th Week of AprilFrench GPCircuit de Nevers Magny-Cours
54%
1st Week of SeptemberVietnam GPHanoi Circuit
46%
3rd Week of May___ GPMiami International Autodrome
46%
2nd Week of June____ GPBahrain International Circuit
31%
2nd Week of JulyEuropean GPBrands Hatch Circuit
15%
3rd Week of NovemberTurkish GPIntercity Istanbul Park
15%
1st Week of OctoberArgentine GPAutodromo Juan y Oscar Galvez
8%

Score Distribution

Percentile by Number Answered

Percent of People with Each Score

Your Score History

You have not taken this quiz